| 000 | 007080000a22001210004500 | ||
|---|---|---|---|
| 100 | 1 | _aGaviria, Pascual | |
| 245 | 1 | 0 | _aLa sociedad de los poetas vivos : XVI Festival de poesía de Medellín |
| 300 | _aVol.0, núm.9 (Junio, 2006), Páginas 14-15 | ||
| 500 | _aPeriodista, escritor y columnista de opinión antioqueño. | ||
| 520 | _aEste 24 de junio se inaugura una nueva versión de un festival de poesía que cuenta con miles de espectadores. Poetas de todos los rincones afilan sus versos, a veces con optimismo desmesurado. ¿Qué misterio ha logrado que Medellín se vuelque a escuchar sus versos en farsi, portugués o vietnamita? | ||
| 773 | 0 | _tArcadia / Andrés Felipe Solano, Editor | |
| 942 | _cANA | ||
| 999 |
_c61785 _d61785 |
||